000 00633nam a2200205 4500
001 127823
003 ES-MaACL
005 20230906193109.0
007 t|
008 070214s1905 sp r ||||1| spa d
100 1 _aRivas Moreno, Francisco.
_997583
245 1 0 _aBodegas y destilerías cooperativas /
_cRivas Moreno ; prólogo de D. R. Janini.
260 _aValencia :
_bDomènech,
_c1905.
300 _a170 p. ;
_c20 cm.
490 1 _aBiblioteca de la cooperación ;
_v1
700 1 _aJanini, D. R.
_966027
830 0 _aBiblioteca de la cooperación ;
_v1
_9219220
852 _aES-MaACL
_jF-10490
999 _c127823
_d127823